01595nam a2200277 a 4500001001000000005001700010041000800027044000700035084002100042100004500063245021200108260006500320300002200385500025700407500023100664500006700895500003700962500001000999546002401009650005201033650005601085650003401141650004501175700004701220740005001267BRCA_343120190320204259.0 aita ait a720b.C678c16771 aCervantes Saavedra, Miguel ded1547-161610aL´Ingegnoso Cittadino Don Chisciotte della ManciacComposto da Michel di Cervantes Saavedra et hora nuouamente tradotto con fedeltá e chiarezza, di Spagnolo, in Italiano da Lorenzo Franciosini Fiorentino. aRomabStamperia di Giuseppe Coruo : Bartolomeo Lupardic1677 a2 v.bil.c16 cm. aContenido : v.1. Primera parte. Licencias de las autoridades eclesiasticas. Advertencia de los impresores. Advertencia del traductor. Prólogo de Cervantes. -- v.2. Segunda parte. Licencias de la primera parte. Advertencia de los impresores del vol. 1 aEdición : Con una Tavola ordinatiffina per trovar facilmente á ogni capitolo gli ftrauaganti fu ccetti, e l´heroiche brauure di quefto gran Cavaliero. Aggiunteui in questa nuoa impressione 8 figure di Rame, e il principio aEjemplar por completo igual al anterior [719] Lúdovik Osterc aCon ex-libris de : John Cope Bar aQM539 aTexto en : italiano14aNovela españolayÉpoca clásica, 1500-170014aLiteratura españolayÉpoca clásica, 1500-170014aNovela españolaySiglo XVII14aDon Quijote (Personaje ficticio)eNovela1 aFranciosini Fiorentino, LorenzoeTraductor0 aEl Ingenioso Hidalgo Don Quijote de la Mancha